01006cam4a220026500 4500001001200000003000500012005001700017007001500034008004100049028003700090035001900127035002200146040000900168041000800177100006600185240005900251245006800310260003900378500003400417511006600451650006000517700011400577710004300691004000600734tmp15761608UPRA20190822112411.0sdubmmennuuune951023s1958 enk u02aALP 1626 H.M.V.bALP 1626 H.M.V. a(Sirsi) r51192 a(UPRA)tmp15761608 cUPRA0 geng1 aHaydn, Joseph, 1732-1809.dHaydn, Joseph, 1732-1809.6A9084.1 a10a26.1..1.11 n26.1..13.9 r26.1..23.8hSound recording14aThe salomonh[sound recording] :b[Symphony] no. 97 in C major. aHayes, Middlesex :bH.M.V.,c1958. aSleeve notes by Leonard Duck.0 aRoyal Philharmonic Orchestra conducted by Sir Thomas Beecham. 0aSymphonies -- To 1800.ySymphonies -- To 1800.6S6140.11 aBeecham, Thomas, Sir, 1879-1961.cBeecham, Thomas, Sir, 1879-1961.dBeecham, Thomas, Sir, 1879-1961.6A9135.12 aRoyal Philharmonic Orchestra.6A9137.151192